| 000 | 00751nam a22002417a 4500 | ||
|---|---|---|---|
| 003 | UA-OsUOA | ||
| 001 | 43161 | ||
| 007 | ta | ||
| 008 | 20061207b un ||||| |||| 00| 0 ukr d | ||
| 100 | _aРафальський О. | ||
| 090 |
_a930:94(477).07 _bР26 |
||
| 942 | _cBK | ||
| 040 |
_aUA-OsUOA _bukr _cUA-OsUOA _dUA-OsUOA |
||
| 245 |
_aНаціональні меншини України у ХХ столітті _bІсторіографічний нарис |
||
| 300 | _a447 с. | ||
| 955 | _a2 | ||
| 041 | _aukr | ||
| 080 | _a930:94(477).07 | ||
| 020 | _a966-02-1814-1 | ||
| 260 |
_aК. _bПолюс _c2000 |
||
| 650 | 7 |
_a930 Історична наука. Допоміжні історичні дисципліни _2UDC |
|
| 999 |
_c329295 _d329295 |
||